[Event "GER-ch U25-B"]
[Site "Willingen"]
[Date "2019.06.09"]
[Round "2"]
[White "Brunauer, Simon"]
[Black "Bardorz, Stefan"]
[Result "0-1"]
[WhiteElo "1607"]
[BlackElo "1646"]
[PlyCount "142"]
[EventDate "2019.06.08"]
[EventType "swiss"]
[EventRounds "9"]
[EventCountry "GER"]
[SourceTitle "CBM 191 Extra"]
[Source "ChessBase"]
[SourceDate "2019.09.30"]
[SourceVersion "1"]
[SourceVersionDate "2019.09.30"]
[SourceQuality "1"]

1. c4 e5 2. Nc3 Nc6 3. e3 d6 4. g3 f5 5. a3 Nf6 6. Bg2 g6 7. Nge2 Bg7 8. d4 0-0 9. d5 Ne7 10. f4 e4 11. b4 c6 12. dxc6 bxc6 13. Bb2 Be6 14. Qb3 Ng4 15. Na4 Bxb2 16. Nxb2 a5 17. 0-0 Bf7 18. Nd4 Qb6 19. h3 Nf6 20. b5 cxb5 21. Qxb5 Rab8 22. Qxb6 Rxb6 23. Na4 Rbb8 24. c5 dxc5 25. Nxc5 Ned5 26. Rfe1 Rfc8 27. Rac1 Ne8 28. Nd7 Rxc1 29. Rxc1 Rd8 30. Nc5 Nxe3 31. Nc6 Ra8 32. Nb7 a4 33. Ne5 Bb3 34. Bf1 Nc2 35. Nc4 Nc7 36. Nbd6 Nd5 37. Kf2 Kf8 38. Ke2 Nd4+ 39. Kf2 Nc2 40. Ke2 Nd4+ 41. Kf2 Ra7 42. Ne5 e3+ 43. Kg1 e2 44. Bg2 Bd1 45. Kf2 Ne3 46. Nd3 Nec2 47. Nc4 Re7 48. Nce5 Nb3 49. Rb1 Nxa3 50. Rb2 Nc2 51. Ne1 Nbd4 52. N5d3 Ra7 53. Nxc2 Nxc2 54. Ne1 Nxe1 55. Kxe1 a3 56. Ra2 Bb3 57. Ra1 Bc4 58. Bf3 a2 59. Kf2 Re7 60. Ke1 Ke8 61. Bc6+ Kd8 62. Bf3 Kc7 63. Bxe2 Rxe2+ 64. Kf1 Rb2+ 65. Ke1 Rb1+ 66. Rxb1 axb1Q+ 67. Kd2 Qd3+ 68. Kc1 Qe2 69. g4 Bb3 70. Kb1 Qc2+ 71. Ka1 Qa2# 0-1

[Event "GER-ch U25-B"]
[Site "Willingen"]
[Date "2018.05.21"]
[Round "3"]
[White "Toth, Marcell Balazs"]
[Black "Bardorz, Stefan"]
[Result "0-1"]
[WhiteElo "1434"]
[BlackElo "1671"]
[PlyCount "112"]
[EventDate "2018.05.19"]
[EventType "swiss"]
[EventRounds "9"]
[EventCountry "GER"]
[SourceTitle "CBM 184 Extra"]
[Source "ChessBase"]
[SourceDate "2018.06.28"]
[SourceVersion "1"]
[SourceVersionDate "2018.06.28"]
[SourceQuality "1"]

1. e4 e5 2. Nf3 Nc6 3. Bc4 Bc5 4. d3 Nf6 5. Be3 Bb6 6. Nc3 d6 7. 0-0 Bg4 8. h3 Bh5 9. Nd5 Nxd5 10. Bxd5 0-0 11. c3 Kh8 12. g4 Bg6 13. Nd2 Qh4 14. Kg2 Nd8 15. Nc4 Bxe3 16. Nxe3 c6 17. Bb3 Ne6 18. Bxe6 fxe6 19. Nc4 b5 20. Ne3 Rf7 21. Qe2 Raf8 22. f3 d5 23. Rad1 Qg5 24. Nc2 a5 25. Qe3 Rf4 26. Kh2 Qh4 27. Ne1 Rxg4 28. fxg4 Rxf1 29. Ng2 Qf2 30. Rxf1 Qxf1 31. exd5 exd5 32. Qxe5 h6 33. Qf4 Qxd3 34. Qf2 Qc2 35. Kg3 Qxf2+ 36. Kxf2 Kg8 37. Ke3 Kf7 38. Kd4 Kf6 39. Kc5 Be8 40. Kd4 Ke6 41. b3 Kd6 42. a3 c5+ 43. Kd3 Ke5 44. Ke3 d4+ 45. Kd3 Bg6+ 46. Kd2 Ke4 47. cxd4 cxd4 48. Ne1 Kf4 49. Nc2 Bxc2 50. Kxc2 Ke3 51. Kd1 Kd3 52. h4 g5 53. h5 Kc3 54. a4 b4 55. Kc1 d3 56. Kd1 d2 0-1

[Event "GER-ch U25-B"]
[Site "Willingen"]
[Date "2018.05.20"]
[Round "2"]
[White "Bardorz, Stefan"]
[Black "Maul, Maik Joel"]
[Result "0-1"]
[WhiteElo "1671"]
[BlackElo "1465"]
[PlyCount "40"]
[EventDate "2018.05.19"]
[EventType "swiss"]
[EventRounds "9"]
[EventCountry "GER"]
[SourceTitle "CBM 184 Extra"]
[Source "ChessBase"]
[SourceDate "2018.06.28"]
[SourceVersion "1"]
[SourceVersionDate "2018.06.28"]
[SourceQuality "1"]

1. e4 d5 2. exd5 Qxd5 3. Nc3 Qa5 4. Bc4 Nf6 5. d3 Bg4 6. Nf3 Nc6 7. h3 Bh5 8. g4 Bg6 9. Qe2 0-0-0 10. Bf4 e5 11. Bg5 Nd4 12. Qd1 Bb4 13. Bd2 Rhe8 14. a3 Nxf3+ 15. Qxf3 e4 16. Qf4 exd3+ 17. Kf1 dxc2 18. Kg2 Bxc3 19. Bxc3 Qc5 20. Rac1 Re4 0-1

[Event "GER-ch U25-B"]
[Site "Willingen"]
[Date "2016.05.18"]
[Round "6"]
[White "Kail, Oliver"]
[Black "Bardorz, Stefan"]
[Result "0-1"]
[WhiteElo "915"]
[BlackElo "1283"]
[PlyCount "128"]
[EventDate "2016.05.15"]
[EventType "swiss"]
[EventRounds "9"]
[EventCountry "GER"]
[SourceTitle "CBM 172 Extra"]
[Source "ChessBase"]
[SourceDate "2016.06.21"]
[SourceVersion "1"]
[SourceVersionDate "2016.06.21"]
[SourceQuality "1"]

1. e4 e5 2. Nf3 Nc6 3. Nc3 Nf6 4. d3 Bc5 5. Qe2 d6 6. Be3 Bb6 7. g3 h6 8. Bg2 0-0 9. 0-0 Be6 10. b3 Qe7 11. Rfd1 Bg4 12. h3 Bxf3 13. Qxf3 Nd4 14. Bxd4 Bxd4 15. Nd5 Nxd5 16. exd5 Bxa1 17. Rxa1 Qg5 18. c3 Qd2 19. c4 Qb2 20. Qd1 Qd4 21. b4 a6 22. Rc1 b6 23. Qd2 Rab8 24. a4 Rfc8 25. b5 axb5 26. axb5 Ra8 27. Re1 Ra1 28. Rd1 Rxd1+ 29. Qxd1 Ra8 30. Qd2 Ra3 31. Be4 Rb3 32. Qe3 Qxe3 33. fxe3 g6 34. Kf2 f5 35. Bf3 Rxd3 36. g4 e4 37. Be2 Rd2 38. gxf5 gxf5 39. h4 Kg7 40. Ke1 Ra2 41. Bf1 Kg6 42. Be2 Rxe2+ 43. Kxe2 Kh5 44. Kf2 Kxh4 45. Kg2 Kg4 46. Kf2 h5 47. Kg2 h4 48. Kf2 h3 49. Kg1 Kg3 50. Kh1 h2 51. c5 Kf3 52. cxd6 cxd6 53. Kxh2 Kxe3 54. Kg2 Ke2 55. Kg3 Ke3 56. Kg2 f4 57. Kg1 Ke2 58. Kg2 f3+ 59. Kg1 f2+ 60. Kg2 f1Q+ 61. Kg3 Qf5 62. Kg2 Qg4+ 63. Kh2 Kf2 64. Kh1 Qh3# 0-1

[Event "GER-ch U25 op-B"]
[Site "Willingen"]
[Date "2015.05.28"]
[Round "7"]
[White "Lohrmann, Linus"]
[Black "Bardorz, Stefan"]
[Result "0-1"]
[WhiteElo "911"]
[BlackElo "1241"]
[PlyCount "78"]
[EventDate "2015.05.24"]
[EventType "swiss"]
[EventRounds "9"]
[EventCountry "GER"]
[SourceTitle "CBM 166 Extra"]
[Source "ChessBase"]
[SourceDate "2015.06.18"]
[SourceVersion "1"]
[SourceVersionDate "2015.06.18"]
[SourceQuality "1"]

1. e4 e5 2. Nf3 Nc6 3. Bc4 Nf6 4. Nc3 Nxe4 5. Nxe4 d5 6. Bxd5 Qxd5 7. d3 Bf5 8. 0-0 0-0-0 9. c4 Qxd3 10. Qxd3 Rxd3 11. Nc5 Bxc5 12. a3 Rhd8 13. Bg5 f6 14. Bh4 g5 15. Bg3 h5 16. h3 h4 17. Bh2 Be4 18. b4 Bd4 19. Nxd4 R8xd4 20. c5 Rc4 21. Rfe1 Bf5 22. b5 Nd4 23. a4 Rxc5 24. g4 Be6 25. Rf1 Rxh3 26. Rfd1 Bxg4 27. Rdb1 Nf3+ 28. Kf1 Nd2+ 29. Kg1 Nf3+ 30. Kf1 Rxh2 31. Rd1 Rh1+ 32. Kg2 Rxd1 33. Rxd1 h3+ 34. Kg3 f5 35. Rb1 Rc3 36. Rd1 Nh4+ 37. f3 Rxf3+ 38. Kh2 Rf2+ 39. Kg3 Rg2# 0-1

[Event "GER-ch U25 op-B"]
[Site "Willingen"]
[Date "2015.05.26"]
[Round "4"]
[White "Bardorz, Stefan"]
[Black "Reuter, Marek"]
[Result "1/2-1/2"]
[WhiteElo "1241"]
[BlackElo "955"]
[PlyCount "62"]
[EventDate "2015.05.24"]
[EventType "swiss"]
[EventRounds "9"]
[EventCountry "GER"]
[SourceTitle "CBM 166 Extra"]
[Source "ChessBase"]
[SourceDate "2015.06.18"]
[SourceVersion "1"]
[SourceVersionDate "2015.06.18"]
[SourceQuality "1"]

1. c4 e5 2. Nc3 Nf6 3. g3 Nc6 4. Bg2 Bc5 5. d3 Ng4 6. Ne4 Bb6 7. Bh3 d6 8. e3 Nf6 9. Nc3 0-0 10. Bg2 Bf5 11. Bxc6 bxc6 12. d4 exd4 13. exd4 Re8+ 14. Be3 Qd7 15. h3 c5 16. d5 c6 17. g4 cxd5 18. cxd5 Bg6 19. Kf1 Rab8 20. Qd2 c4 21. Bxb6 Bd3+ 22. Kg2 Rxb6 23. b3 h6 24. Re1 Rxe1 25. Qxe1 cxb3 26. Qd2 bxa2 27. Nxa2 Be4+ 28. Nf3 Nxg4 29. Nc3 Bxf3+ 30. Kxf3 Ne5+ 31. Kg2 Qf5 1/2-1/2

[Event "Magdeburg op-B"]
[Site "Magdeburg"]
[Date "2014.06.10"]
[Round "5"]
[White "Bardorz, Stefan"]
[Black "Groskurt, Benjamin"]
[Result "1-0"]
[WhiteElo "1047"]
[BlackElo "1141"]
[PlyCount "69"]
[EventDate "2014.06.08"]
[EventType "swiss"]
[EventRounds "9"]
[EventCountry "GER"]
[SourceTitle "CBM 160 Extra"]
[Source "ChessBase"]
[SourceDate "2014.07.01"]
[SourceVersion "1"]
[SourceVersionDate "2014.07.01"]
[SourceQuality "1"]

1. c4 e5 2. Nc3 Bc5 3. g3 Nf6 4. Bg2 c6 5. Nf3 e4 6. Ng5 d5 7. cxd5 cxd5 8. 0-0 Bf5 9. d3 exd3 10. exd3 0-0 11. Be3 b6 12. Bxc5 bxc5 13. Nh3 Bxh3 14. Bxh3 Nc6 15. Re1 Rb8 16. b3 d4 17. Ne4 Nxe4 18. Rxe4 h6 19. Qc2 Qd6 20. Qe2 Nb4 21. Rc1 Qc6 22. Bg2 Rfe8 23. Rxe8+ Rxe8 24. Be4 Qd6 25. a3 Nd5 26. Re1 Nc3 27. Bh7+ Kxh7 28. Qxe8 f6 29. Re7 Nd5 30. Rxa7 Nc7 31. Qe4+ g6 32. Qb7 h5 33. Qxc7+ Qxc7 34. Rxc7+ Kh6 35. Rxc5 1-0